Código Penal de la República de Chile y actas de las sesiones de la comisión redactora del código penal chileno
Uloženo v:
| Hlavní autor: | |
|---|---|
| Médium: | Kniha |
| Jazyk: | španělština |
| Vydáno: |
Valparaíso
EDEVAL
1974
|
| Témata: | |
| Tagy: |
Přidat tag
Žádné tagy, Buďte první, kdo vytvoří štítek k tomuto záznamu!
|
MARC
| LEADER | 00000nam a2200000 a 4500 | ||
|---|---|---|---|
| 001 | UCS0293 | ||
| 003 | CL-VaPUC | ||
| 008 | 970418e19740000CL |||||||||||||||||spa|d | ||
| 082 | 0 | 4 | |a 345.83 |b RIV |2 21 |
| 100 | 0 | |a Rivacoba y Rivacoba, Manuel de |e author |9 383571 | |
| 245 | 1 | 0 | |a Código Penal de la República de Chile y actas de las sesiones de la comisión redactora del código penal chileno |
| 300 | |a 574 p | ||
| 942 | |c BK | ||
| 945 | |d 19970418 00:00:00 |a paguirre | ||
| 260 | |a Valparaíso |b EDEVAL |c 1974 | ||
| 650 | 7 | |a DERECHO PENAL |2 CL-VaPUC |9 11 | |
| 650 | 0 | |a Códigos |9 352314 | |
| 650 | 0 | |a Delitos |9 224143 | |
| 650 | 0 | |a Responsabilidad penal |9 254899 | |
| 650 | 0 | |a Atenuantes |9 380889 | |
| 650 | 0 | |a Agravantes |9 383432 | |
| 650 | 0 | |a Penas |9 255927 | |
| 650 | 0 | |a Sentencias |9 256250 | |
| 650 | 7 | |a DELITOS CONTRA LA SEGURIDAD DEL ESTADO |2 CL-VaPUC |9 383572 | |
| 650 | 0 | |a Delitos contra la administración |9 368519 | |
| 650 | 7 | |a DELITOS CONTRA EL ORDEN PUBLICO |2 CL-VaPUC |9 368510 | |
| 650 | 7 | |a DELITOS CONTRA EL ORDEN DE LA FAMILIA |2 CL-VaPUC |9 383573 | |
| 650 | 7 | |a DELITOS CONTRA LAS PERSONAS |2 CL-VaPUC |9 256124 | |
| 650 | 7 | |a HOMICIDIO |2 CL-VaPUC |9 336529 | |
| 650 | 7 | |a DUELO |2 CL-VaPUC |9 383482 | |
| 650 | 0 | |a Delitos contra la propiedad |9 256091 | |
| 650 | 7 | |a FALTAS |2 CL-VaPUC |9 383574 | |
| 583 | |a last modification |c 19970418 00:00:00 |k Rodrigo Vera | ||
| 999 | |c 258529 |d 258527 | ||
| 952 | |0 0 |1 0 |4 0 |6 345_830000000000000_RIV_1974 |7 0 |8 A |9 282696 |a BIBDER |b BIBDER |d 2019-11-19 |i 1833316 |l 21 |m 3 |o 345.83 RIV 1974 |p 1833316 |r 2025-03-19 |s 2025-03-11 |w 2019-11-19 |y BK |k DER | ||
| 952 | |0 0 |1 0 |4 0 |6 345_830000000000000_RIV_1974 |7 0 |8 A |9 282697 |a BIBDER |b BIBDER |d 2019-11-19 |i 397541K |o 345.83 RIV 1974 |p 397541K |r 2023-01-25 |w 2019-11-19 |y BK |k DER | ||